000 00503nam a2200145 a 4500
001 000038467
005 20201002031252.0
008 130412s1197 000 spa d
040 _aDO-SdBNP
_bspa
_cBNPHU
110 1 _aRepública Dominicana.
_bContraloría General de la República
_921624
245 1 0 _aNormas internas de auditoría gubernamental (NIAGU).
260 _aSanto Domingo :
_bContraloría General de la República,
_c1197.
300 _a56 p. ;
_c21 cm.
504 _aBibliografía : p. 55 -56
999 _c37957
_d37957